Score 0/20 Timer 05:00
1 Play Today
Hint Answer % Correct
John GoodmanUniversity
97%
John GoodmanBig
94.9%
Vince VaughnHutch
94.2%
Vince VaughnWedding
93.2%
James CaanMeatballs
91.9%
John GoodmanBrother
88.2%
Vince VaughnSmith
85.7%
John GoodmanGroove
81.5%
Goldie HawnWives
77.3%
James CaanBlue
76.4%
Hint Answer % Correct
Goldie HawnDeath
75.5%
Goldie HawnWire
74.1%
James CaanTracy
70.8%
Vince VaughnOld
70.6%
John GoodmanArizona
67.6%
James CaanBridge
65.7%
Vince VaughnFour
64.9%
Goldie HawnBenjamin
61.4%
James CaanSmart
38.5%
Goldie HawnFlower
34.1%

Today's Daily Dose

Missing Word
Train Books

Word Ladder
Piano Man

Quick Pick
Google Products

Get the Picture
Moana or Coco

Remove Ads.
Support Sporcle.
Get the best of Sporcle when you Go Orange. This ad-free experience offers more features, more stats, and more fun while also helping to support Sporcle. Thank you for becoming a member.

You're not logged in!

Compare scores with friends on all Sporcle quizzes.
OR
Log In

Show Comments

Extras

Top Quizzes Today


Score Distribution

Your Account Isn't Verified!

In order to create a playlist on Sporcle, you need to verify the email address you used during registration. Go to your Sporcle Settings to finish the process.

Report this User

Report this user for behavior that violates our Community Guidelines.

Details: